000 00931nam a2200349 a 4500
003 AR-BaBNM
005 20251128203944.0
008 082120s2002 ||||||||||||||000 | spa||
020 _a84-7046-220-2
040 _cAR-BaBNM
100 1 _aGonzález Herrán, José Manuel
245 0 0 _aLa prosa romántica
_bLarra
260 _aMadrid
_bCincel
_c1981
300 _a84 p.
490 0 _aCuadernos de estudio. Literatura
500 _aContiene índice de las materias
504 _aBibliografía
600 1 4 _aLarra, Mariano José De
650 4 _aLITERATURA ESPAÑOLA
650 4 _aROMANTICISMO
650 4 _aBIOGRAFIAS
650 4 _aCRITICA LITERARIA
650 4 _aCULTURA
650 4 _aHUMANIDADES
653 _aNOVELA HISTORICA
653 _aNOVELA SOCIAL
655 _aLITERATURA
800 1 _aMarín, Marcos F.
_ecoordinador
800 1 _aBasanta, Angel
_ecoordinador
942 _cBK
998 _cCarmen
999 _c5604
_d5604